=LDR 00000nam 2200000 4500 =001 NUTBA000000000003188 =005 20140806104525.0 =006 =007 =008 =020 ##$$a 978-602-9134-22-3 =035 ##$$a 0010-081400000000032 =040 ##$$a NBPDMAT =082 ##$$a 379.7 =090 ##$$a 379.7 $b Dew a =100 ##$$a Dewi Noviyanti Sari =245 ##$$a Ayo bermain jajar genjang dan segitiga / $c Dewi Noviyanti Sari =250 ##$$a Cet.2 =260 ##$$a Jakarta : $b Hijau Daun , $c 2011 =300 ##$$a iv, 68 hlm. : $b ilus. ; $c 25 cm. =500 ##$$a Bibliografi : hlm. 68 =650 ##$$a Matematika SD - Kumpulan Soal =700 ##$$a Jajargenjang =850 ##$$a NBPDMAT =990 ##$$a 21406267